Hrubá rostlinná produkce v okresech ČR ve vztahu k úrovni hnojení a produkční schopnost půd

Vybrané faktory ovplyvňujúce úroveň dosiahnutej hrubej rastlinnej produkcie v okresoch ČR. Výsledky štatistickej analýzy.

Na minha lista:
Detalhes bibliográficos
Autor principal: Vostal, Josef
Outros Autores: Rosochatecká, Eva
Formato: Capítulo de Livro
Idioma:tcheco
Assuntos:
Tags: Adicionar Tag
Sem tags, seja o primeiro a adicionar uma tag!

MARC

LEADER 00000naa a2200000 4500
001 r039178
005 20230922112042.2
041 0 |a cze 
044 |a CZ 
245 1 0 |a Hrubá rostlinná produkce v okresech ČR ve vztahu k úrovni hnojení a produkční schopnost půd  |c J. Vostal, E. Rosochatecká 
520 |a Vybrané faktory ovplyvňujúce úroveň dosiahnutej hrubej rastlinnej produkcie v okresoch ČR. Výsledky štatistickej analýzy. 
610 2 0 |a výroba rastlinná 
610 2 0 |a výroba poľnohospodárska 
610 2 0 |a pôda poľnohospodárska 
610 2 0 |a hnojenie 
610 2 0 |a okresy 
610 2 0 |a Česko 
610 2 0 |a analýza štatistická 
610 2 0 |a údaje štatistické 
100 1 |a Vostal, Josef 
700 1 |a Rosochatecká, Eva